| 000 | 00532 a2200181 4500 | ||
|---|---|---|---|
| 001 | 066336 | ||
| 003 | OSt | ||
| 005 | 20210927133926.0 | ||
| 008 | |||
| 082 |
_a515 _bC83I |
||
| 100 | 1 | _aJohn, Fritz | |
| 245 | 1 |
_aIntroduction to calculus and analysis (Vol. 2) _cby Fritz John and Richard Courant |
|
| 260 |
_aNew York _bSpringer _c2008 |
||
| 300 | _a954p. | ||
| 690 | _aCalculus; Mathematical analysis; Mathematics; Global analysis (Mathematics) | ||
| 700 | _aCourant, Richard | ||
| 942 |
_2ddc _cBK |
||
| 999 |
_c413 _d413 |
||